Normal view MARC view

Entry Personal Name

Number of records used in: 1

001 - CONTROL NUMBER

  • control field: 265984

003 - CONTROL NUMBER IDENTIFIER

  • control field: OSt

005 - DATE AND TIME OF LATEST TRANSACTION

  • control field: 20260625104654.0

008 - FIXED-LENGTH DATA ELEMENTS

  • fixed length control field: 260625|| aca||aabn | a|a d

040 ## - CATALOGING SOURCE

  • Original cataloging agency: OSt
  • Transcribing agency: OSt

100 ## - HEADING--PERSONAL NAME

  • Personal name: KORGI (Vidvan) and UPADHYAYA (Venkateshwara).
  • Dates associated with a name: ಕೋರ್ಗಿ (ವಿದ್ವಾನ್) ಮತ್ತು ಉಪಾಧ್ಯಾಯ (ವೆಂಕಟೇಶ್ವರ)

670 ## - SOURCE DATA FOUND

  • Source citation: Work cat.: (OSt)107091: KORGI (Vidvan) and UPADHYAYA (Venkateshwara). ಕೋರ್ಗಿ (ವಿದ್ವಾನ್) ಮತ್ತು ಉಪಾಧ್ಯಾಯ (ವೆಂಕಟೇಶ್ವರ), Pancha Prapancha., 2003